000 00397cam a22001217a 4500
008 180718b1987 xxu||||| |||| 00| 0 eng d
082 _aQ43x5461 Sh23
100 _aSharma, Adarsh
245 _aMonitoring social components of integrated child development services: a pilot project
_cby Adarsh Sharma
260 _aDelhi
_bNational
_c1987
300 _a153p.
650 _aChild Welfare - India - Delhi
999 _c477555
_d477555